Statistics for Boys Don't Cry by The Cure (lyrics)

Click here to take the quiz!

General Stats

  • This quiz has been taken 100 times
  • The average score is 29 of 36

Answer Stats

HintAnswer% Correct
Boys don't __cry
97%
Boys don't __cry
97%
'Cause boys don't __cry
97%
Boys don't __cry
97%
'Cause boys don't __cry
97%
'Cause boys don't __cry
97%
Boys don't __cry
97%
I try to ____ about itlaugh
94%
I tried to ____ about itlaugh
94%
I tried to ____ about itlaugh
94%
____ it all up with liescover
93%
I would say I'm ____sorry
91%
_____ the tears in my eyeshiding
90%
____ the tears in my eyeshiding
90%
If I thought that it would _____ ___ ____change your mind
87%
Cover it all up with ___lies
87%
So I __ __ laugh about ittry to
84%
Hiding the ____ in my eyestears
81%
If I _____ ___ you would staythought that
81%
Been too _____unkind
81%
I would tell you that I ____ youloved
80%
But I know that it's __ ____too late
80%
And you've _____ gone awayalready
77%
But I know that this ___time
77%
Took you for _____granted
74%
_____ you too farpushed
71%
I have ___ __ ___said too much
71%
And beg forgiveness, ____ with youplead
70%
To get you back __ __ ____by my side
69%
But I just keep on ______laughing
69%
__ __ there's nothing I can doand now
63%
Now I would do ___ ______most anything
59%
______ your limitsmisjudged
54%
Thought that you _____ me more, more, moreneeded
54%
But I know that it's __ ___no use
54%
I would ____ ___ at your feetbreak down
51%

Score Distribution

Percentile by Number Answered

Percent of People with Each Score

Your Score History

You have not taken this quiz